Learning to teach geography in the secondary school : a companion to school experience /
Role, purpose and philosophy. Planning for teaching and learning in geography classrooms. Developing and using resources for teaching and learning in geography. Pupil learning in geography. Teaching geography. Valuing pupils'. Geography and education for the future. Professional development.
में बचाया:
| मुख्य लेखक: | |
|---|---|
| अन्य लेखक: | |
| स्वरूप: | पुस्तक |
| भाषा: | English |
| प्रकाशित: |
London ; New York :
Routledge/Falmer,
2000.
|
| विषय: | |
| टैग : |
टैग जोड़ें
कोई टैग नहीं, इस रिकॉर्ड को टैग करने वाले पहले व्यक्ति बनें!
|
| Thư viện lưu trữ: | Mạng thư viện Đại học Đà Nẵng |
|---|
| LEADER | 01248cam a2200337 i 4500 | ||
|---|---|---|---|
| 001 | 000048130 | ||
| 003 | 7833 | ||
| 005 | 20030313111352.0 | ||
| 008 | 010326|2000 vm 000 eng | ||
| 020 | |a 0415156769 | ||
| 040 | |a IRC |c IRC |d IRC | ||
| 041 | 0 | |a eng | |
| 082 | 1 | 4 | |a 910.712 |b LA-D |
| 100 | 1 | |a Lambert, David, |d 1932- | |
| 245 | 0 | 0 | |a Learning to teach geography in the secondary school : |b a companion to school experience / |c David Lambert and David Balderstone. |
| 260 | |a London ; New York : |b Routledge/Falmer, |c 2000. | ||
| 300 | |a xxiii, 479 p. : |b ill. ; |c 24.5cm. | ||
| 520 | 3 | |a Role, purpose and philosophy. Planning for teaching and learning in geography classrooms. Developing and using resources for teaching and learning in geography. Pupil learning in geography. Teaching geography. Valuing pupils'. Geography and education for the future. Professional development. | |
| 630 | 0 | 4 | |a Geography. |
| 650 | 0 | 4 | |a Geography |x Study and teaching (Secondary) |
| 700 | 1 | |a Balderstone, David. | |
| OWN | |a DUT | ||
| 999 | |a From the UDN01 | ||
| TYP | |a Monograph | ||
| TYP | |a Printed language | ||
| 980 | |a Mạng thư viện Đại học Đà Nẵng | ||


